000 00366nam a22001457a 4500
003 OSt
020 _aNA
040 _c0
082 _222
_a294.3
100 _aKung, Chin.
245 _aThe collected works of venerable master chin kung /
260 _aNA
_bThe Corporate Body of the Buddha Educational Foundation,
_cNA
300 _a389 p. ;
_bill. ;
942 _2ddc
_cRE
999 _c4558
_d4558